| 000 | 00427nam a2200169 a 4500 | ||
|---|---|---|---|
| 001 | 18969 | ||
| 005 | 20180713212340.0 | ||
| 008 | 140415s1946 000 0 spa d | ||
| 041 | _aspa | ||
| 082 |
_a809.93355 _bMAR |
||
| 100 | 1 | _aMARMIER, JAVIER | |
| 245 | 1 | 2 | _aA TRAVES DE LOS TROPICOS |
| 260 |
_a[s.l.] : _bESPASA-CALPE, _c1946 |
||
| 300 | _a221 | ||
| 490 |
_aAUSTRAL _v592 |
||
| 650 | 1 | 4 |
_aVIAJES _xRELATOS |
| 999 |
_c18969 _d18969 |
||